| 000 | 00640nam a22002057a 4500 | ||
|---|---|---|---|
| 003 | OSt | ||
| 005 | 20160321150851.0 | ||
| 008 | 160318b xxu||||| |||| 00| 0 eng d | ||
| 020 | _a0394744128 | ||
| 040 |
_aKABU _cKABU |
||
| 050 |
_aPN2062 _b.P73 1986 |
||
| 245 |
_aA practical handbook for the actor _bwith an introduction by David Mamet _cMelissa Bruder...[et al.]. |
||
| 250 | _a1st ed. | ||
| 260 |
_aToronto _bVintage books _c1986 |
||
| 300 | _axiv, 94p. | ||
| 650 | _aStanislavsky method | ||
| 650 | _aActing | ||
| 700 | _a Bruder, Melissa...[et al.]. | ||
| 942 |
_2lcc _cBK _e1st ed. _hPN2062 _i.P73 1986 C.1 |
||
| 999 |
_c15870 _d15870 |
||